| 000 | 00377pam a2200145 a 4500 | ||
|---|---|---|---|
| 020 | _c | ||
| 041 | _h | ||
| 082 | _a658.151 | ||
| 100 |
_aANTHONY (Robert N.)/ GOVINDRAJAN (Vijay) _eauthor |
||
| 245 |
_aManagement Control Systems _hTextual Document |
||
| 250 | _a11th | ||
| 260 |
_bTata McGraw-Hil Publication Company Limited . Delhi _c2006 |
||
| 300 | _a851 | ||
| 930 | _a6123 | ||
| 999 |
_c835345 _d835345 |
||